00781nam a2200229Ia 450000500170000000800410001702000150005808200170007310000180009024500790010825000190018730000260020665000410023265000450027365000360031870000430035426400310039733600270042833700330045533800280048804000350051620220317000647.0160601s2003 sp g 000 0 spa  a844931406204a808.3 bR15e1 aRandall, Rona10aEscribir ficción cRona Randall ; traducción Ramon González Férriz a1a. edición  a235 páginasc21 cm 142LEMBaArte de escribir xEnseñanza142LEMBaCreación literaria xEnseñanza142LEMBaRedacción xEnseñanza1 aGonzález Férriz, Ramonetraductor  aBarcelona bPaidósc2003 atextobtxt2rdacontent asin mediaciónbn2rdamedia avolumenbnc2rdacarrier aCO-BoRNBPbspaerdacCO-BoRNBP